|
|
|
|
| LEADER |
01898nam a2200469 aa4500 |
| 001 |
nkc20122282227 |
| 003 |
CZ PrNK |
| 005 |
20120430071512.0 |
| 007 |
ta |
| 008 |
120130s2012 xr a c p 000 0 cze |
| 015 |
|
|
|a cnb002282227
|
| 020 |
|
|
|a 978-80-7245-268-2
|q (I. díl :
|q brož.)
|
| 020 |
|
|
|a 978-80-7245-269-9
|q (II. díl :
|q brož.)
|
| 035 |
|
|
|a (OCoLC)794207787
|
| 040 |
|
|
|a BOA001
|b cze
|d ABA001
|
| 072 |
|
7 |
|a 51
|x Matematika
|2 Konspekt
|9 13
|
| 072 |
|
7 |
|a 37.016
|x Učební osnovy. Vyučovací předměty. Učebnice
|2 Konspekt
|9 22
|
| 080 |
|
|
|a 51
|2 MRF
|
| 080 |
|
|
|a (075.2)
|2 MRF
|
| 080 |
|
|
|a (076.1)
|2 MRF
|
| 100 |
1 |
|
|a Blažková, Růžena,
|d 1940-
|7 mzk2003190644
|4 aut
|
| 245 |
1 |
0 |
|a Pracovní sešit k učebnici Matematika 4 /
|c [Růžena Blažková, Květoslava Matoušková, Milena Vaňurová]
|
| 246 |
1 |
|
|i Název v tiráži:
|a Pracovní sešit k učebnici Matematika pro 4. ročník
|
| 246 |
3 |
|
|a Matematika 4
|
| 250 |
|
|
|a Vyd. 3.
|
| 260 |
|
|
|a Všeň :
|b Alter,
|c 2012
|
| 300 |
|
|
|a 2 sv. (40, 40 s.) :
|b barev. il. ;
|c 30 cm
|
| 500 |
|
|
|a Název z obálky
|
| 650 |
0 |
7 |
|a matematika
|7 ph117231
|x úlohy
|2 czenas
|
| 650 |
0 |
9 |
|a mathematics
|x problems, exercises, etc
|2 eczenas
|
| 655 |
|
7 |
|a učebnice základních škol
|7 fd133773
|2 czenas
|
| 655 |
|
7 |
|a pracovní sešity
|7 fd133116
|2 czenas
|
| 655 |
|
9 |
|a textbooks (elementary)
|2 eczenas
|
| 655 |
|
9 |
|a activity books
|2 eczenas
|
| 700 |
1 |
|
|a Matoušková, Květoslava,
|d 1939-
|7 mzk2003190649
|4 aut
|
| 700 |
1 |
|
|a Vaňurová, Milena,
|d 1950-
|7 mzk2003190804
|4 aut
|
| 910 |
2 |
|
|a BOA001
|b 4-1279.716
|s 1-2
|
| 990 |
|
|
|a BK
|
| 995 |
|
|
|a 01
|
| 991 |
|
|
|b 201202
|c NOV
|e dn
|
| 996 |
6 |
|
|b 2610501283
|c 4-1279.716
|d pracovní sešit 1
|v 1
|l MZK
|r Sklad / do 1 hodiny
|n 0
|p p.v.
|w 001225904
|u 000010
|a 1
|e BOA001
|j MZK50
|s P
|
| 996 |
6 |
|
|b 2610509024
|c 4-1279.716
|d pracovní sešit 2
|v 2
|l MZK
|r Sklad / do 1 hodiny
|n 0
|p p.v.
|w 001225904
|u 000020
|a 1
|e BOA001
|j MZK50
|s P
|